| 000 | 00477nam a2200157Ia 4500 | ||
|---|---|---|---|
| 008 | 151213s9999 xx 000 0 und d | ||
| 100 | _aValarie A. Zeithamal , M. jo Bittner & Other's | ||
| 245 |
_aService Marketing _cValarie A. Zeithamal , M. jo Bittner & Other's |
||
| 250 | _a4th | ||
| 260 |
_aNew Delhi _bPrentic Hall _c2006 |
||
| 300 | _a4242 p. | ||
| 650 | _aMarketing | ||
| 650 | _aMarketing | ||
| 700 | _aValarie A. Zeithamal , M. jo Bittner & Other's | ||
| 999 |
_c2666 _d2666 |
||